000 00505nam a22001817a 4500
999 _c6200
_d6198
005 20210826123500.0
008 200517b xxu||||| |||| 00| 0 eng d
020 _a9788123912868
041 _aeng
082 _a610 GER
100 _aGERRAUGHTY ROBERT
_95372
245 _aPHARMACY EXAMINATION REVIEW: 1500 MULTIPAL QUESTIONS AND EXPLANATORY ANSWER
250 _a1'st
260 _aNew Delhi
_bCBS Publishers and distributors
_c2000
300 _a286, vii
650 _aPHARMACY
_96730
942 _cBK